[Event "Scarborough CC Jack Frost"]
[Site "Toronto CAN"]
[Date "2012.02.09"]
[Round "6"]
[White "Stavropoulos, Greg"]
[Black "Morra, Lui"]
[Result "1-0"]
[WhiteElo "1757"]
[BlackElo "1709"]
[PlyCount "97"]
[GameId "2160767909573055"]
[EventDate "2012.01.05"]
[EventType "swiss"]
[EventRounds "6"]
[EventCountry "CAN"]
[SourceTitle "EXT 2022"]
[Source "ChessBase"]
[SourceDate "2021.10.06"]
[SourceVersion "1"]
[SourceVersionDate "2021.10.06"]
[SourceQuality "1"]

1. c4 c5 2. Nc3 Nc6 3. Nf3 e5 4. g3 Nf6 5. Bg2 Be7 6. O-O O-O 7. d3 h6 8. b3 d6 9. Bb2 Be6 10. e3 a6 11. d4 Bg4 12. h3 Bh5 13. Ne2 Qc7 14. d5 Na7 15. g4 Bg6 16. Nd2 Nd7 17. e4 b5 18. f4 exf4 19. Nxf4 Bh7 20. Nh5 Ne5 21. Qe2 Rab8 22. Bxe5 dxe5 23. Rab1 bxc4 24. Nxc4 Nb5 25. Ng3 Nc3 26. Qb2 Nxb1 27. Rxb1 Bd6 28. Qd2 Qe7 29. Kh2 Rbd8 30. Rf1 Rb8 31. Rf2 Rb5 32. Bf1 Rb7 33. Na5 Rd7 34. Bxa6 Qg5 35. Qxg5 hxg5 36. Bb5 Ra7 37. Nc4 Be7 38. a4 g6 39. Nxe5 Bd6 40. Nc6 Raa8 41. e5 Bc7 42. d6 Bb6 43. Bc4 Kh8 44. Ne7 f5 45. e6 fxg4 46. Rxf8+ Rxf8 47. hxg4 Bd8 48. Nc6 Bf6 49. Ne4 1-0

[Event "Scarborough CC Jack Frost"]
[Site "Toronto CAN"]
[Date "2012.02.09"]
[Round "6"]
[White "Zotkin, Daniel"]
[Black "Posaratnanathan, Juliaan"]
[Result "1/2-1/2"]
[WhiteElo "1714"]
[BlackElo "1921"]
[PlyCount "98"]
[GameId "2160767909573056"]
[EventDate "2012.01.05"]
[EventType "swiss"]
[EventRounds "6"]
[EventCountry "CAN"]
[SourceTitle "EXT 2022"]
[Source "ChessBase"]
[SourceDate "2021.10.06"]
[SourceVersion "1"]
[SourceVersionDate "2021.10.06"]
[SourceQuality "1"]

1. b3 e5 2. Bb2 Nc6 3. e3 Nf6 4. Nf3 d6 5. Bb5 Bd7 6. O-O Be7 7. d4 e4 8. Nfd2 d5 9. c4 a6 10. Bxc6 bxc6 11. Nc3 Bb4 12. a3 Bd6 13. h3 O-O 14. c5 Be7 15. b4 Ne8 16. a4 Rb8 17. b5 Nf6 18. bxc6 Bxc6 19. Rb1 Qd7 20. a5 Bb5 21. Nxb5 Rxb5 22. Bc3 Rfb8 23. Qc2 c6 24. Rxb5 Rxb5 25. Rb1 Qb7 26. Rxb5 Qxb5 27. Qb1 Qxb1+ 28. Nxb1 Kf8 29. Kf1 Ke8 30. Na3 Kd7 31. Nc2 Kc7 32. g3 h5 33. Kg2 Nh7 34. g4 hxg4 35. hxg4 Ng5 36. Ne1 g6 37. Kg3 Kd7 38. Kf4 Ne6+ 39. Kg3 Ng5 40. Kf4 Bd8 41. Kg3 Bc7+ 42. Kg2 Ke6 43. f4 exf3+ 44. Nxf3 Nxf3 45. Kxf3 Kf6 46. Bd2 Ke6 47. Bc3 f5 48. g5 Bh2 49. Bd2 Bc7 1/2-1/2

[Event "Scarborough CC Jack Frost U1400"]
[Site "Toronto CAN"]
[Date "2012.01.05"]
[Round "1"]
[White "Kaneshalingam, Mathanhe"]
[Black "Chen, George"]
[Result "1/2-1/2"]
[WhiteElo "1027"]
[BlackElo "1277"]
[PlyCount "120"]
[GameId "2160767909573057"]
[EventDate "2012.01.05"]
[EventType "swiss"]
[EventRounds "6"]
[EventCountry "CAN"]
[SourceTitle "EXT 2022"]
[Source "ChessBase"]
[SourceDate "2021.10.06"]
[SourceVersion "1"]
[SourceVersionDate "2021.10.06"]
[SourceQuality "1"]

1. d4 d5 2. c4 c6 3. Nc3 Nf6 4. Nf3 Bg4 5. e3 Nbd7 6. Qb3 Qb6 7. cxd5 Qxb3 8. axb3 cxd5 9. Be2 e6 10. O-O a6 11. h3 Bf5 12. Ne5 Be7 13. Bb5 Rd8 14. Bd3 Bxd3 15. Nxd3 O-O 16. Bd2 h6 17. f4 Rfe8 18. Ne5 Nxe5 19. fxe5 Nd7 20. Rf3 Rf8 21. Raf1 Nb8 22. Rg3 Bg5 23. Ne2 Rc8 24. Rc1 Rxc1+ 25. Nxc1 Rc8 26. Bc3 b5 27. b4 Be7 28. Nd3 Nd7 29. Nc5 Rc6 30. Nxd7 Rc4 31. Nc5 Bxc5 32. dxc5 Kf8 33. Rg4 Rxg4 34. hxg4 Ke8 35. Kf2 Kd7 36. Kf3 g5 37. g3 Kc7 38. b3 Kd7 39. e4 dxe4+ 40. Kxe4 Kc6 41. Bd4 Kd7 42. Bf2 Kc6 43. Be1 Kc7 44. Bc3 Kc6 45. Bd4 Kc7 46. Be3 Kc6 47. Bc1 Kb7 48. Bd2 Kc7 49. Bc3 Kd7 50. Bd2 Kc7 51. Bc3 Kb7 52. Bd2 Kc6 53. Bc3 Kb7 54. Bd2 Kc6 55. Bc3 Kd7 56. Bd2 Kc6 57. Bc3 Kd7 58. Bd2 Kc7 59. Bc3 Kc6 60. Bd2 Kb7 1/2-1/2

[Event "Scarborough CC Jack Frost U1400"]
[Site "Toronto CAN"]
[Date "2012.01.05"]
[Round "1"]
[White "Mahoney, Sean"]
[Black "Liu, Daniel1"]
[Result "1/2-1/2"]
[WhiteElo "763"]
[BlackElo "1122"]
[PlyCount "91"]
[GameId "2160767909573058"]
[EventDate "2012.01.05"]
[EventType "swiss"]
[EventRounds "6"]
[EventCountry "CAN"]
[SourceTitle "EXT 2022"]
[Source "ChessBase"]
[SourceDate "2021.10.06"]
[SourceVersion "1"]
[SourceVersionDate "2021.10.06"]
[SourceQuality "1"]

1. e4 e5 2. Nf3 Nc6 3. Bc4 Bc5 4. d3 h6 5. Nc3 Nf6 6. O-O d6 7. h3 O-O 8. Be3 Bxe3 9. fxe3 a6 10. d4 exd4 11. exd4 b5 12. Bd5 Bd7 13. e5 Nxd5 14. Nxd5 dxe5 15. dxe5 Be6 16. Nf4 Qxd1 17. Raxd1 Rad8 18. Ra1 Rfe8 19. b3 Bd5 20. Nxd5 Rxd5 21. c4 bxc4 22. bxc4 Rdd8 23. Rfe1 a5 24. g4 g6 25. Re4 f6 26. Rae1 Kf7 27. e6+ Kg7 28. h4 f5 29. gxf5 gxf5 30. Ne5 Nxe5 31. Rxe5 Kf6 32. e7 Rd7 33. Re6+ Kf7 34. Rxh6 Rdxe7 35. Rxe7+ Rxe7 36. Ra6 Re4 37. h5 Rxc4 38. Rxa5 Kf6 39. Ra7 Kg5 40. a4 Kxh5 41. a5 f4 42. a6 Ra4 43. Rxc7 Rxa6 44. Kf2 Rf6 45. Kf3 Kg5 46. Rc4 1/2-1/2

[Event "Scarborough CC Jack Frost U1400"]
[Site "Toronto CAN"]
[Date "2012.01.05"]
[Round "1"]
[White "Mendrinos, Ari"]
[Black "Guo, Thomas"]
[Result "0-1"]
[WhiteElo "1363"]
[BlackElo "1078"]
[PlyCount "66"]
[GameId "2160767909573059"]
[EventDate "2012.01.05"]
[EventType "swiss"]
[EventRounds "6"]
[EventCountry "CAN"]
[SourceTitle "EXT 2022"]
[Source "ChessBase"]
[SourceDate "2021.10.06"]
[SourceVersion "1"]
[SourceVersionDate "2021.10.06"]
[SourceQuality "1"]

1. c4 e5 2. Nc3 Nf6 3. g3 d5 4. Bg2 d4 5. Ne4 Nc6 6. Nxf6+ Qxf6 7. d3 Bf5 8. Nf3 h6 9. O-O Bc5 10. Nd2 O-O 11. Ne4 Bxe4 12. Bxe4 Qe7 13. Bxc6 bxc6 14. e4 f5 15. f3 f4 16. gxf4 exf4 17. Qe2 Rf6 18. Rf2 Re8 19. Bd2 Qd7 20. Kh1 g5 21. Rg1 Rb8 22. b3 Bd6 23. Rg4 Rg6 24. Rfg2 Kh7 25. Qf1 Rbg8 26. Qg1 Qg7 27. h4 c5 28. hxg5 h5 29. Rh4 Rxg5 30. Rgg4 Qh6 31. Qh2 R8g6 32. Qh3 hxg4 33. fxg4 Qxh4 0-1

[Event "Scarborough CC Jack Frost U1400"]
[Site "Toronto CAN"]
[Date "2012.01.05"]
[Round "1"]
[White "Nasirov, Ildar"]
[Black "Lu, Leo"]
[Result "1-0"]
[WhiteElo "1191"]
[BlackElo "945"]
[PlyCount "65"]
[GameId "2160767909573061"]
[EventDate "2012.01.05"]
[EventType "swiss"]
[EventRounds "6"]
[EventCountry "CAN"]
[SourceTitle "EXT 2022"]
[Source "ChessBase"]
[SourceDate "2021.10.06"]
[SourceVersion "1"]
[SourceVersionDate "2021.10.06"]
[SourceQuality "1"]

1. e4 e5 2. Nf3 Nc6 3. Bb5 Qe7 4. Bxc6 dxc6 5. O-O Bd7 6. b3 Qf6 7. d3 Qg6 8. Nh4 Qf6 9. Nc3 Qxh4 10. h3 Bb4 11. Na4 c5 12. a3 Ba5 13. Nxc5 Nf6 14. b4 Bb6 15. d4 Bb5 16. Re1 O-O-O 17. d5 c6 18. Qf3 cxd5 19. Qf5+ Kc7 20. Qxe5+ Kc6 21. exd5+ Rxd5 22. Qe7 Re8 23. Qxb7+ Kd6 24. Rxe8 Nxe8 25. Qb8+ Kc6 26. Qxe8+ Kc7 27. Qxb5 Rd1+ 28. Kh2 Qe7 29. Bf4+ Kd8 30. Rxd1+ Kc8 31. Nb7 Qxb7 32. Qe8+ Bd8 33. Rxd8# 1-0

[Event "Scarborough CC Jack Frost U1400"]
[Site "Toronto CAN"]
[Date "2012.01.05"]
[Round "1"]
[White "Stroempl, Hedi"]
[Black "Lin, Benjamin1"]
[Result "1/2-1/2"]
[WhiteElo "1033"]
[BlackElo "1286"]
[PlyCount "75"]
[GameId "2160767909573062"]
[EventDate "2012.01.05"]
[EventType "swiss"]
[EventRounds "6"]
[EventCountry "CAN"]
[SourceTitle "EXT 2022"]
[Source "ChessBase"]
[SourceDate "2021.10.06"]
[SourceVersion "1"]
[SourceVersionDate "2021.10.06"]
[SourceQuality "1"]

1. Nf3 d5 2. d4 Nf6 3. Nc3 Nc6 4. e3 a6 5. h3 Bf5 6. Be2 e6 7. O-O Bd6 8. a3 O-O 9. b4 b5 10. Bb2 Nd7 11. Re1 Qf6 12. Nh2 Qg6 13. Bd3 Bxd3 14. Qxd3 f5 15. f3 Rfe8 16. f4 Nb6 17. Rab1 Nc4 18. Nf3 Qg3 19. Ne2 Qg6 20. Kf2 h6 21. Rg1 Ne7 22. Ne5 Bxe5 23. dxe5 Nxb2 24. Rxb2 Rac8 25. g4 Qf7 26. Rbb1 c5 27. Rg2 c4 28. Qc3 g6 29. Rbg1 Kh7 30. h4 fxg4 31. Rxg4 h5 32. Rg5 Rg8 33. Ke1 Nf5 34. Rh1 Kg7 35. Ng3 Kf8 36. Nxf5 gxf5 37. Qd2 Rc6 38. c3 1/2-1/2

[Event "Scarborough CC Jack Frost U1400"]
[Site "Toronto CAN"]
[Date "2012.01.05"]
[Round "1"]
[White "Yu, Tianxi"]
[Black "Ming, Wenyang"]
[Result "0-1"]
[WhiteElo "977"]
[BlackElo "1200"]
[PlyCount "84"]
[GameId "2160767909573063"]
[EventDate "2012.01.05"]
[EventType "swiss"]
[EventRounds "6"]
[EventCountry "CAN"]
[SourceTitle "EXT 2022"]
[Source "ChessBase"]
[SourceDate "2021.10.06"]
[SourceVersion "1"]
[SourceVersionDate "2021.10.06"]
[SourceQuality "1"]

1. e4 c5 2. Nc3 Nc6 3. Bc4 e6 4. d3 Nge7 5. Nf3 d5 6. exd5 exd5 7. Bb5 g6 8. d4 c4 9. b3 cxb3 10. axb3 Bg7 11. O-O O-O 12. Bg5 Be6 13. Ne2 Qb6 14. c4 a6 15. Bxc6 Nxc6 16. c5 Qc7 17. Nf4 b6 18. Nxe6 fxe6 19. b4 Nxb4 20. cxb6 Qxb6 21. Be7 Rfe8 22. Bc5 Qb5 23. Rb1 a5 24. Qd2 Rab8 25. Rb3 Rb7 26. Rfb1 Reb8 27. Ng5 Qc6 28. Bxb4 Bf8 29. Bxf8 Rxb3 30. Rxb3 Rxb3 31. Qd1 Qb6 32. Ba3 Rb1 33. Bc1 Qc6 34. Kf1 Rxc1 35. Qxc1 Qxc1+ 36. Ke2 a4 37. Nf3 a3 38. Nd2 a2 39. Nb3 Qc2+ 40. Nd2 a1=Q 41. f4 Qad1+ 42. Ke3 Qcxd2# 0-1

[Event "Scarborough CC Jack Frost U1400"]
[Site "Toronto CAN"]
[Date "2012.01.05"]
[Round "1"]
[White "Zhang, Taylor"]
[Black "Patel, Saiyam"]
[Result "1-0"]
[WhiteElo "1178"]
[BlackElo "898"]
[PlyCount "43"]
[GameId "2160767909573064"]
[EventDate "2012.01.05"]
[EventType "swiss"]
[EventRounds "6"]
[EventCountry "CAN"]
[SourceTitle "EXT 2022"]
[Source "ChessBase"]
[SourceDate "2021.10.06"]
[SourceVersion "1"]
[SourceVersionDate "2021.10.06"]
[SourceQuality "1"]

1. e4 e5 2. Nf3 f5 3. d3 Qf6 4. Nc3 a6 5. Nd5 Qc6 6. Nxe5 Qd6 7. Nf3 Qc6 8. Bf4 Bc5 9. Nxc7+ Ke7 10. Nxa8 Ba7 11. Be2 Nf6 12. exf5 Qc5 13. O-O Nh5 14. Bg5+ Ke8 15. d4 Qd6 16. Bc4 Nc6 17. c3 Bb8 18. Ne5 Nxe5 19. dxe5 Qxe5 20. Re1 d6 21. Rxe5+ dxe5 22. Qd8# 1-0

[Event "Scarborough CC Jack Frost U1400"]
[Site "Toronto CAN"]
[Date "2012.01.05"]
[Round "1"]
[White "Zhao, Yanchun"]
[Black "Magee, Bruce"]
[Result "1-0"]
[WhiteElo "1285"]
[BlackElo "627"]
[PlyCount "79"]
[GameId "2160767909573065"]
[EventDate "2012.01.05"]
[EventType "swiss"]
[EventRounds "6"]
[EventCountry "CAN"]
[SourceTitle "EXT 2022"]
[Source "ChessBase"]
[SourceDate "2021.10.06"]
[SourceVersion "1"]
[SourceVersionDate "2021.10.06"]
[SourceQuality "1"]

1. d4 d5 2. c4 c6 3. Nf3 Nf6 4. Nc3 e6 5. Bg5 Be7 6. e3 h6 7. Bh4 Bb4 8. a3 Bxc3+ 9. bxc3 Nbd7 10. cxd5 cxd5 11. Qa4 O-O 12. Bb5 g5 13. Bg3 Ne4 14. Qc2 Qa5 15. Bd3 f5 16. Bxe4 dxe4 17. Nd2 b6 18. O-O Bb7 19. h3 f4 20. exf4 gxf4 21. Bh4 Rf7 22. Nxe4 Bxe4 23. Qxe4 Qd5 24. Qxd5 exd5 25. a4 f3 26. g3 Kh7 27. Rfb1 Rg8 28. a5 Rf5 29. axb6 axb6 30. Ra7 Rg7 31. Bd8 Rf4 32. Bxb6 Rff7 33. Bd8 Nf6 34. Rxf7 Rxf7 35. Bxf6 Rxf6 36. Rb5 Rd6 37. g4 Kg6 38. Kh2 h5 39. Kg3 h4+ 40. Kxf3 1-0

[Event "Scarborough CC Jack Frost U1400"]
[Site "Toronto CAN"]
[Date "2012.01.12"]
[Round "2"]
[White "Balendra, Harigaran"]
[Black "Roy, Harrison"]
[Result "1-0"]
[WhiteElo "1181"]
[BlackElo "879"]
[PlyCount "75"]
[GameId "2160767909573066"]
[EventDate "2012.01.05"]
[EventType "swiss"]
[EventRounds "6"]
[EventCountry "CAN"]
[SourceTitle "EXT 2022"]
[Source "ChessBase"]
[SourceDate "2021.10.06"]
[SourceVersion "1"]
[SourceVersionDate "2021.10.06"]
[SourceQuality "1"]

1. e4 e5 2. Nf3 Nf6 3. Nxe5 d6 4. Nf3 Nxe4 5. Nc3 Nxc3 6. dxc3 d5 7. c4 Qe7+ 8. Qe2 dxc4 9. Qxe7+ Bxe7 10. Bxc4 O-O 11. O-O Nc6 12. Re1 Re8 13. Bb5 Bd7 14. Bf4 Bd6 15. Bxd6 cxd6 16. Rad1 Bg4 17. Rxd6 Bxf3 18. Rxe8+ Rxe8 19. gxf3 Rc8 20. Rd7 Na5 21. b4 a6 22. bxa5 axb5 23. Rxb7 g6 24. a6 Rxc2 25. a7 Rxa2 26. Rb8+ Kg7 27. a8=Q Rxa8 28. Rxa8 b4 29. Rb8 Kf6 30. Rxb4 Kg7 31. Rg4 f5 32. Rb4 h5 33. Rb5 Kf6 34. f4 g5 35. fxg5+ Kxg5 36. Kg2 h4 37. h3 Kf4 38. f3 1-0

[Event "Scarborough CC Jack Frost U1400"]
[Site "Toronto CAN"]
[Date "2012.01.12"]
[Round "2"]
[White "Lin, Benjamin1"]
[Black "Kaneshalingam, Mathanhe"]
[Result "1-0"]
[WhiteElo "1286"]
[BlackElo "1027"]
[PlyCount "78"]
[GameId "2160767909573067"]
[EventDate "2012.01.05"]
[EventType "swiss"]
[EventRounds "6"]
[EventCountry "CAN"]
[SourceTitle "EXT 2022"]
[Source "ChessBase"]
[SourceDate "2021.10.06"]
[SourceVersion "1"]
[SourceVersionDate "2021.10.06"]
[SourceQuality "1"]

1. c4 e5 2. Nc3 Nf6 3. d3 Nc6 4. e4 Bb4 5. Bd2 O-O 6. Be2 d6 7. Nf3 Bg4 8. O-O Qd7 9. h3 Bxf3 10. Bxf3 Nd4 11. a3 Nxf3+ 12. Qxf3 Bc5 13. Be3 Bb6 14. Bxb6 axb6 15. b4 c5 16. b5 h6 17. a4 Rfe8 18. Rfe1 Qe7 19. Re3 Qe6 20. Qe2 Qd7 21. Rg3 Kh7 22. Qf3 Rg8 23. h4 Kh8 24. Kh1 Qe7 25. Kg1 Qd7 26. Qe2 Qe7 27. Qc2 Qd7 28. Qe2 Qe7 29. Rf1 Qd7 30. Ra1 Qe7 31. Qf3 Qd7 32. Qe2 Qe7 33. Rf3 Qd7 34. Rg3 Qe7 35. Rh3 Qd7 36. Rf1 Qe7 37. Ra1 Qd7 38. Rg3 Qe7 39. Nd1 Qd7 1-0

[Event "Scarborough CC Jack Frost U1400"]
[Site "Toronto CAN"]
[Date "2012.01.12"]
[Round "2"]
[White "Liu, Daniel1"]
[Black "Maurer, Hans"]
[Result "1/2-1/2"]
[WhiteElo "1122"]
[BlackElo "945"]
[PlyCount "114"]
[GameId "2160767909573068"]
[EventDate "2012.01.05"]
[EventType "swiss"]
[EventRounds "6"]
[EventCountry "CAN"]
[SourceTitle "EXT 2022"]
[Source "ChessBase"]
[SourceDate "2021.10.06"]
[SourceVersion "1"]
[SourceVersionDate "2021.10.06"]
[SourceQuality "1"]

1. e4 e6 2. Nf3 d5 3. e5 Nc6 4. d4 h6 5. Nc3 f6 6. exf6 Nxf6 7. h3 a6 8. Be3 Bd6 9. a3 b5 10. Bd3 Ne4 11. Nxe4 dxe4 12. Bxe4 Bb7 13. Qd3 Qf6 14. c3 O-O-O 15. Bxc6 Bxc6 16. Qe2 g5 17. a4 Qf5 18. axb5 Bxb5 19. c4 Bb4+ 20. Kd1 Ba4+ 21. Rxa4 Qb1+ 22. Bc1 a5 23. Qxe6+ Kb8 24. Qe2 Rhe8 25. Qc2 Qxc2+ 26. Kxc2 Re2+ 27. Kb1 Rxf2 28. Rd1 Rxg2 29. Bd2 Bxd2 30. Nxd2 Rxd4 31. Kc2 Kb7 32. b3 c5 33. Rxa5 Kb6 34. Rb5+ Kc6 35. Kc1 Rg3 36. Nf1 Rc3+ 37. Kb2 Rxd1 38. Kxc3 Rxf1 39. b4 Rf3+ 40. Kd2 cxb4 41. Rxb4 Kc5 42. Ra4 Rxh3 43. Kc2 Rf3 44. Kd2 g4 45. Ra5+ Kxc4 46. Ra4+ Kd5 47. Rxg4 Rf8 48. Ke3 Ke5 49. Rh4 Rh8 50. Kf3 Kf5 51. Rf4+ Kg5 52. Ra4 Kf5 53. Rf4+ Kg6 54. Kg3 h5 55. Kh4 Kg7 56. Ra4 Kg6 57. Ra6+ Kf5 1/2-1/2

[Event "Scarborough CC Jack Frost U1400"]
[Site "Toronto CAN"]
[Date "2012.01.12"]
[Round "2"]
[White "Lu, Leo"]
[Black "Pakerathan, Thurvan"]
[Result "1-0"]
[WhiteElo "945"]
[BlackElo "867"]
[PlyCount "91"]
[GameId "2160767909573069"]
[EventDate "2012.01.05"]
[EventType "swiss"]
[EventRounds "6"]
[EventCountry "CAN"]
[SourceTitle "EXT 2022"]
[Source "ChessBase"]
[SourceDate "2021.10.06"]
[SourceVersion "1"]
[SourceVersionDate "2021.10.06"]
[SourceQuality "1"]

1. e4 e5 2. Nf3 Nc6 3. Bc4 Nf6 4. d3 d5 5. exd5 Nxd5 6. O-O Bc5 7. Re1 f6 8. d4 Bb4 9. c3 Ba5 10. dxe5 Nce7 11. exf6 gxf6 12. Nh4 Nb6 13. Qh5+ Kd7 14. Rd1+ Kc6 15. Rxd8 Rxd8 16. Bf1 Rd5 17. Qe8+ Kd6 18. Bf4+ Ke6 19. c4 Rd1 20. Qh5 Re1 21. Bd2 Bxd2 22. Nf3 Re4 23. Nbxd2 Rf4 24. Re1+ Kd6 25. Qh6 Rf5 26. Ne4+ Kd7 27. Rd1+ Ke6 28. Ng3 Ra5 29. Re1+ Kd7 30. Rd1+ Ke8 31. Qh5+ Ng6 32. Re1+ Kd8 33. Qxa5 Bg4 34. c5 Nc4 35. Bxc4 b6 36. cxb6 cxb6 37. Qd5+ Bd7 38. Qxa8+ Bc8 39. Rd1+ Kc7 40. Qxa7+ Bb7 41. Qa4 Bc6 42. Bb5 Bxb5 43. Qxb5 Nf4 44. Qd7+ Kb8 45. Rc1 Ka8 46. Rc8# 1-0

[Event "Scarborough CC Jack Frost U1400"]
[Site "Toronto CAN"]
[Date "2012.01.12"]
[Round "2"]
[White "Magee, Bruce"]
[Black "Roy, Lawrence"]
[Result "0-1"]
[WhiteElo "627"]
[BlackElo "1032"]
[PlyCount "46"]
[GameId "2160767909573070"]
[EventDate "2012.01.05"]
[EventType "swiss"]
[EventRounds "6"]
[EventCountry "CAN"]
[SourceTitle "EXT 2022"]
[Source "ChessBase"]
[SourceDate "2021.10.06"]
[SourceVersion "1"]
[SourceVersionDate "2021.10.06"]
[SourceQuality "1"]

1. d4 d5 2. Nf3 Nf6 3. e3 Nc6 4. Bb5 Bd7 5. O-O a6 6. Bxc6 Bxc6 7. c3 e6 8. Re1 Be7 9. Nbd2 O-O 10. Ne5 Bd7 11. e4 dxe4 12. Nxe4 Nxe4 13. Rxe4 Bf6 14. Qg4 h6 15. Bxh6 Re8 16. Nxd7 Qxd7 17. Rf4 Qe7 18. Re1 Rad8 19. Re5 c6 20. Bg5 Bxe5 21. dxe5 Qxg5 22. Qf3 Qxf4 23. Qxf4 Rd1# 0-1

[Event "Scarborough CC Jack Frost U1400"]
[Site "Toronto CAN"]
[Date "2012.01.12"]
[Round "2"]
[White "Ming, Wenyang"]
[Black "Ming, Qing"]
[Result "1-0"]
[WhiteElo "1200"]
[BlackElo "1109"]
[PlyCount "61"]
[GameId "2160767909573072"]
[EventDate "2012.01.05"]
[EventType "swiss"]
[EventRounds "6"]
[EventCountry "CAN"]
[SourceTitle "EXT 2022"]
[Source "ChessBase"]
[SourceDate "2021.10.06"]
[SourceVersion "1"]
[SourceVersionDate "2021.10.06"]
[SourceQuality "1"]

1. e4 g6 2. f4 e6 3. Nf3 Bg7 4. d4 b6 5. Nc3 Bb7 6. Be3 Nf6 7. Bd3 Nc6 8. h3 Nh5 9. O-O Ng3 10. Rf2 h5 11. Ne2 h4 12. Nxg3 hxg3 13. Re2 Qe7 14. f5 gxf5 15. exf5 O-O-O 16. d5 Ne5 17. Bg5 Nxf3+ 18. gxf3 Qxg5 19. dxe6 fxe6 20. fxe6 Bxb2 21. Rb1 Bd4+ 22. Kf1 Bxf3 23. Ba6+ Kb8 24. exd7 Rxh3 25. Qxd4 Bxe2+ 26. Kxe2 Rh2+ 27. Kf1 Qf5+ 28. Kg1 Rf8 29. d8=Q+ Rxd8 30. Qxd8+ Qc8 31. Qxc8# 1-0

[Event "Scarborough CC Jack Frost U1400"]
[Site "Toronto CAN"]
[Date "2012.01.12"]
[Round "2"]
[White "Paraparan, Varshini"]
[Black "Nasirov, Ildar"]
[Result "1-0"]
[WhiteElo "1049"]
[BlackElo "1191"]
[PlyCount "65"]
[GameId "2160767909573073"]
[EventDate "2012.01.05"]
[EventType "swiss"]
[EventRounds "6"]
[EventCountry "CAN"]
[SourceTitle "EXT 2022"]
[Source "ChessBase"]
[SourceDate "2021.10.06"]
[SourceVersion "1"]
[SourceVersionDate "2021.10.06"]
[SourceQuality "1"]

1. e4 e5 2. Nf3 Nc6 3. Bb5 Nf6 4. O-O Nxe4 5. Re1 Nf6 6. Nxe5 Nxe5 7. Rxe5+ Be7 8. b3 O-O 9. Bb2 d6 10. Rg5 h6 11. Rg3 c6 12. Bf1 d5 13. Qf3 Bd6 14. Bxf6 Qd7 15. Rxg7+ Kh8 16. Rxf7+ Kg8 17. Rg7+ Qxg7 18. Bxg7 Rxf3 19. gxf3 Kxg7 20. Nc3 d4 21. Ne4 Be5 22. Re1 Bf5 23. d3 Re8 24. Ng3 Rf8 25. Rxe5 Bh7 26. Re7+ Kg8 27. Rxb7 Rxf3 28. Bg2 Rf6 29. Rxa7 Re6 30. Be4 Bxe4 31. Nxe4 Rg6+ 32. Kf1 Rg4 33. Nf6+ 1-0

[Event "Scarborough CC Jack Frost U1400"]
[Site "Toronto CAN"]
[Date "2012.01.12"]
[Round "2"]
[White "Souchko, Larissa"]
[Black "Deng, Yi"]
[Result "0-1"]
[WhiteElo "1132"]
[BlackElo "999"]
[PlyCount "41"]
[GameId "2160767909573074"]
[EventDate "2012.01.05"]
[EventType "swiss"]
[EventRounds "6"]
[EventCountry "CAN"]
[SourceTitle "EXT 2022"]
[Source "ChessBase"]
[SourceDate "2021.10.06"]
[SourceVersion "1"]
[SourceVersionDate "2021.10.06"]
[SourceQuality "1"]

1. e4 e5 2. Nf3 Nc6 3. Bc4 Bc5 4. d4 Nxd4 5. O-O Nf6 6. Ng5 O-O 7. Nc3 h6 8. Nf3 d6 9. h3 c6 10. Be3 b5 11. Bd3 Nxf3+ 12. Qxf3 Bxe3 13. Qxe3 d5 14. exd5 b4 15. Ne2 Qxd5 16. b3 e4 17. Bc4 Qh5 18. Ng3 Qg6 19. Rad1 Nh5 20. Nxh5 Qxh5 21. Rd2 0-1

[Event "Scarborough CC Jack Frost U1400"]
[Site "Toronto CAN"]
[Date "2012.01.19"]
[Round "3"]
[White "Chen, George"]
[Black "Paraparan, Varshini"]
[Result "0-1"]
[WhiteElo "1277"]
[BlackElo "1049"]
[PlyCount "92"]
[GameId "2160767909573075"]
[EventDate "2012.01.05"]
[EventType "swiss"]
[EventRounds "6"]
[EventCountry "CAN"]
[SourceTitle "EXT 2022"]
[Source "ChessBase"]
[SourceDate "2021.10.06"]
[SourceVersion "1"]
[SourceVersionDate "2021.10.06"]
[SourceQuality "1"]

1. d4 Nf6 2. Nf3 e6 3. c4 Be7 4. Nc3 b6 5. g3 Bb7 6. Bg2 O-O 7. O-O Re8 8. Bf4 d6 9. Re1 Nbd7 10. a3 Nf8 11. Qc2 Ng6 12. Be3 d5 13. cxd5 exd5 14. Qb3 Bd6 15. Rac1 a6 16. Bg5 Be7 17. Rcd1 h6 18. Be3 Ne4 19. Nd2 Nxd2 20. Rxd2 c6 21. Na4 b5 22. Nc3 Bg5 23. Nd1 Bxe3 24. Nxe3 Qg5 25. h4 Qf6 26. Qd3 Ne7 27. Rc2 Bc8 28. Qc3 Nf5 29. Nxf5 Bxf5 30. Rcc1 Re6 31. Qd2 Rae8 32. Rcd1 Qg6 33. Rc1 Bg4 34. Bf3 Bxf3 35. exf3 Rxe1+ 36. Rxe1 Rxe1+ 37. Qxe1 f5 38. Qa5 f4 39. Kg2 fxg3 40. fxg3 Qc2+ 41. Kf1 Qd3+ 42. Ke1 Qe3+ 43. Kd1 Qxf3+ 44. Kc2 Qe4+ 45. Kb3 Qxd4 46. Qxa6 Qc4# 0-1

[Event "Scarborough CC Jack Frost U1400"]
[Site "Toronto CAN"]
[Date "2012.01.19"]
[Round "3"]
[White "Jimenez, Michael"]
[Black "Guo, Thomas"]
[Result "0-1"]
[WhiteElo "891"]
[BlackElo "1078"]
[PlyCount "98"]
[GameId "2160767909573076"]
[EventDate "2012.01.05"]
[EventType "swiss"]
[EventRounds "6"]
[EventCountry "CAN"]
[SourceTitle "EXT 2022"]
[Source "ChessBase"]
[SourceDate "2021.10.06"]
[SourceVersion "1"]
[SourceVersionDate "2021.10.06"]
[SourceQuality "1"]

1. e4 e5 2. Nf3 Nc6 3. Bb5 d6 4. d4 Bg4 5. d5 a6 6. Ba4 b5 7. Bb3 Nd4 8. Qd3 Qf6 9. Nbd2 Ne7 10. c3 Nxf3+ 11. Nxf3 Rc8 12. Bd1 c5 13. h3 Bxf3 14. Qxf3 Qxf3 15. Bxf3 f5 16. O-O g6 17. g4 Bg7 18. Bd2 O-O 19. Bg5 Bf6 20. Bd2 fxe4 21. a4 c4 22. axb5 axb5 23. Ra5 Rb8 24. Ra6 Nxd5 25. Rxd6 Nf4 26. Bd1 Bg5 27. Kh2 Rbd8 28. Rxd8 Rxd8 29. Be3 Kf8 30. Re1 Nd3 31. Re2 Bh4 32. Kg2 Ke8 33. Bc2 Kf7 34. f3 exf3+ 35. Kxf3 Kf6 36. Bb1 Re8 37. Rd2 e4+ 38. Ke2 Ke5 39. Ba2 Nc1+ 40. Kd1 Nxa2 41. Bd4+ Kf4 42. b3 cxb3 43. Rb2 e3 44. Rxb3 e2+ 45. Kc2 e1=Q 46. Rb1 Re2+ 47. Kb3 Qxb1+ 48. Ka3 Be7+ 49. Bc5 Qb2# 0-1